The ruthless elimination of hurry /

Outwardly, Comer appeared successful. But inwardly, things weren't pretty. The advice his mentor gave him wasn't what he expected. "Ruthlessly eliminate hurry from your life. Hurry is the great enemy of the spiritual life." But it was the answer Comer needed. Here he shows you ho...

Full description

Bibliographic Details
Main Author: Comer, John Mark, 1980- (Author)
Format: Book
Language:English
Published: Colorado Springs : WaterBrook, [2019]
Edition:First edition.
Subjects:

MARC

Tag First Indicator Second Indicator Subfields
LEADER 00000cam a2200000 i 4500
001 in00004436721
005 20210422122817.0
008 190127t20192019cou 000 0 eng
010 |a  2019002924 
020 |a 9780525653097  |q (hardcover) 
020 |a 0525653090  |q (hardcover) 
020 |z 9780525653103  |q (electronic) 
035 |a (OCoLC)on1085158669 
040 |a DLC  |e rda  |c DLC  |d TXA  |d UtOrBLW 
049 |a TXAM 
050 0 0 |a BV4647.S48  |b C66 2019 
082 0 0 |a 248.4/6  |2 23 
100 1 |a Comer, John Mark,  |d 1980-  |e author.  |0 http://id.loc.gov/authorities/names/n2013055152 
245 1 4 |a The ruthless elimination of hurry /  |c John Mark Comer ; foreword by John Ortberg. 
250 |a First edition. 
264 1 |a Colorado Springs :  |b WaterBrook,  |c [2019] 
264 4 |c ©2019 
300 |a xv, 286 pages ;  |c 21 cm. 
336 |a text  |b txt  |2 rdacontent 
337 |a unmediated  |b n  |2 rdamedia 
338 |a volume  |b nc  |2 rdacarrier 
505 0 |a Autobiography of an epidemic -- The problem -- Hurry: the great enemy of spiritual life -- A brief history of speed -- Something is deeply wrong -- The solution -- Hint: it isn't more time -- The secret of the easy yoke -- What we're really talking about is a rule of life -- Wait, what are the spiritual disciplines again? -- Practices for unhurrying your life -- Silence and solitude -- Sabbath -- Simplicity -- Slowing -- A quiet life. 
520 |a Outwardly, Comer appeared successful. But inwardly, things weren't pretty. The advice his mentor gave him wasn't what he expected. "Ruthlessly eliminate hurry from your life. Hurry is the great enemy of the spiritual life." But it was the answer Comer needed. Here he shows you how to stay emotionally healthy and spiritually alive, by discovering a slower, simpler way of life. 
650 0 |a Simplicity  |x Religious aspects  |x Christianity.  |0 http://id.loc.gov/authorities/subjects/sh2008111488 
650 0 |a Time  |x Religious aspects  |x Christianity.  |0 http://id.loc.gov/authorities/subjects/sh85135406 
650 0 |a Time management  |x Religious aspects  |x Christianity.  |0 http://id.loc.gov/authorities/subjects/sh2008112896 
650 0 |a Mental health  |x Religious aspects  |x Christianity.  |0 http://id.loc.gov/authorities/subjects/sh2010101469 
948 |a cataloged  |b h  |c 2021/3/1  |d c  |e dmitchel  |f 2:20:20 pm 
994 |a C0  |b TXA 
999 f f |s a054d43f-cb71-353c-ae9c-061c3e6ac5db  |i 8859e4d1-2a57-34ab-b0e9-8b78e04a6174  |t 0 
952 f f |p normal  |a Texas A&M University  |b College Station  |c Sterling C. Evans Library  |s Evans stk  |d Evans: Library Stacks  |t 0  |e BV4647.S48 C66 2019  |h Library of Congress classification  |i unmediated -- volume  |m A14851146481 
998 f f |a BV4647.S48 C66 2019  |t 0  |l Evans: Library Stacks